[Event "European Team-ch 2007"]
[Site "Crete GRE"]
[Date "2007.11.05"]
[Round "8.7"]
[White "Conquest, Stuart C"]
[Black "Gagunashvili, Merab"]
[Result "1/2-1/2"]
[WhiteElo "2540"]
[BlackElo "2584"]
[PlyCount "113"]
[EventDate "2007.10.28"]
[EventType "team"]
[EventRounds "9"]
[EventCountry "GRE"]
[Source "lmi"]
[SourceDate "2007.10.28"]
[WhiteTeam "England"]
[BlackTeam "Georgia"]
[WhiteTeamCountry "ENG"]
[BlackTeamCountry "GEO"]

1. e4 c5 2. Nc3 Nc6 3. Nf3 e6 4. d4 cxd4 5. Nxd4 Qc7 6. Be2 a6 7. O-O Nf6 8.
Kh1 Bb4 9. Qd3 Nxd4 10. Qxd4 Bc5 11. Qd3 b5 12. f4 Bb7 13. Bf3 O-O 14. e5 Ne8
15. Bxb7 Qxb7 16. f5 f6 17. Be3 Be7 18. Bd4 fxe5 19. Bxe5 Nf6 20. Rad1 Qc6 21.
Ne2 Rac8 22. c3 Rf7 23. h3 Rcf8 24. Nd4 Qd5 25. Nf3 Qxd3 26. Rxd3 Nd5 27. fxe6
dxe6 28. Re1 Bc5 29. Kh2 h6 30. a3 Re8 31. Bg3 Nb6 32. Ne5 Rf5 33. Nd7 Nxd7 34.
Rxd7 Rf7 35. Red1 Ref8 36. b4 Rxd7 37. Rxd7 Be3 38. Re7 Rf1 39. Be5 Rf5 40. Bg3
Rf1 41. h4 Rf6 42. Kh3 Kf8 43. Rc7 Bf4 44. Bxf4 Rxf4 45. Rc6 Kf7 46. Kg3 e5 47.
Rxa6 Rc4 48. h5 Rxc3+ 49. Kg4 e4 50. Kf4 e3 51. Kf3 Rb3 52. g4 Rc3 53. Ra5 Kf6
54. Rxb5 Rxa3 55. Rf5+ Ke6 56. b5 Rb3 57. b6 1/2-1/2

[Event "European Team-ch 2007"]
[Site "Crete GRE"]
[Date "2007.11.05"]
[Round "8.8"]
[White "Kotronias, Vasilios"]
[Black "Georgiev, Vladimir"]
[Result "1/2-1/2"]
[WhiteElo "2614"]
[BlackElo "2576"]
[PlyCount "161"]
[EventDate "2007.10.28"]
[EventType "team"]
[EventRounds "9"]
[EventCountry "GRE"]
[Source "lmi"]
[SourceDate "2007.10.28"]
[WhiteTeam "Greece"]
[BlackTeam "Former Yugoslav Republic of Macedonia"]
[WhiteTeamCountry "GRE"]
[BlackTeamCountry "FRM"]

1. e4 e5 2. Nf3 Nc6 3. Bb5 a6 4. Ba4 Nf6 5. O-O Bc5 6. c3 b5 7. Bc2 d5 8. exd5
Qxd5 9. d4 exd4 10. Bb3 Qd8 11. Re1+ Be7 12. cxd4 O-O 13. h3 Bb7 14. Nc3 Na5
15. Bc2 c5 16. Bg5 b4 17. Na4 c4 18. b3 Bd5 19. Nh4 g6 20. bxc4 Nxc4 21. Qd3
Nd6 22. Nc5 Re8 23. Re5 Nde4 24. Ba4 Nxc5 25. dxc5 Bc6 26. Qc2 Bxa4 27. Qxa4 h6
28. Rd1 Qc8 29. Be3 a5 30. Qb3 a4 31. Qxb4 Rd8 32. Rxd8+ Qxd8 33. Qc4 Bf8 34.
Nxg6 Qd1+ 35. Kh2 Bg7 36. Ne7+ Kf8 37. Nc6 Rc8 38. Qb4 Qd7 39. Na5 Ng4+ 40.
hxg4 Bxe5+ 41. g3 Kg7 42. c6 Qd6 43. Qxa4 Bc3 44. Qb5 Bxa5 45. Qxa5 Rxc6 46.
Qb5 Rc8 47. a4 Rb8 48. Qc4 Qe6 49. Qd4+ Qf6 50. Qe4 Qe6 51. Bd4+ Kg8 52. Qf3
Rc8 53. a5 Rc4 54. Qf4 f6 55. Qb8+ Kf7 56. Qb7+ Qe7 57. Qd5+ Qe6 58. Qh5+ Kg7
59. Be3 Qxg4 60. Qxh6+ Kf7 61. a6 Ra4 62. Qh7+ Ke6 63. a7 Ra1 64. Kg2 Qd1 65.
a8=Q Qf1+ 66. Kh2 Qg1+ 67. Kh3 Qh1+ 68. Kg4 Qxa8 69. Qf5+ Kf7 70. Qd7+ Kg6 71.
Qf5+ Kf7 72. Qh7+ Ke6 73. f4 Ra4 74. Bc5 Qd8 75. Qf5+ Kf7 76. Qh7+ Ke6 77. Qc2
Qg8+ 78. Kf3 Qa8+ 79. Kg4 Qg8+ 80. Kf3 Qa8+ 81. Kg4 1/2-1/2

[Event "European Team-ch 2007"]
[Site "Crete GRE"]
[Date "2007.11.05"]
[Round "8.8"]
[White "Mitkov, Nikola"]
[Black "Banikas, Hristos"]
[Result "1/2-1/2"]
[WhiteElo "2528"]
[BlackElo "2591"]
[PlyCount "36"]
[EventDate "2007.10.28"]
[EventType "team"]
[EventRounds "9"]
[EventCountry "GRE"]
[Source "lmi"]
[SourceDate "2007.10.28"]
[WhiteTeam "Former Yugoslav Republic of Macedonia"]
[BlackTeam "Greece"]
[WhiteTeamCountry "FRM"]
[BlackTeamCountry "GRE"]

1. d4 Nf6 2. Nf3 g6 3. Bg5 Bg7 4. Nbd2 O-O 5. c3 d6 6. e4 Nbd7 7. Bd3 e5 8. O-O
h6 9. Bh4 Qe8 10. Re1 Nh5 11. Nc4 Nf4 12. Bc2 b5 13. Ne3 Bb7 14. a4 a6 15. dxe5
dxe5 16. axb5 axb5 17. Rxa8 Bxa8 18. Bg3 Qe7 1/2-1/2

[Event "European Team-ch 2007"]
[Site "Crete GRE"]
[Date "2007.11.05"]
[Round "8.8"]
[White "Mastrovasilis, Dimitrios"]
[Black "Nedev, Trajce"]
[Result "1/2-1/2"]
[WhiteElo "2559"]
[BlackElo "2528"]
[PlyCount "39"]
[EventDate "2007.10.28"]
[EventType "team"]
[EventRounds "9"]
[EventCountry "GRE"]
[Source "lmi"]
[SourceDate "2007.10.28"]
[WhiteTeam "Greece"]
[BlackTeam "Former Yugoslav Republic of Macedonia"]
[WhiteTeamCountry "GRE"]
[BlackTeamCountry "FRM"]

1. e4 c5 2. Nf3 Nc6 3. d4 cxd4 4. Nxd4 Nf6 5. Nc3 e5 6. Ndb5 d6 7. Na3 Be7 8.
Bg5 Nxe4 9. Nxe4 Bxg5 10. Nxd6+ Ke7 11. Nac4 Be6 12. Qf3 Nd4 13. Qxb7+ Qd7 14.
Qxd7+ Kxd7 15. Bd3 Be7 16. c3 Bxd6 17. Nxd6 Kxd6 18. cxd4 exd4 19. Kd2 Bd5 20.
f3 1/2-1/2

[Event "European Team-ch 2007"]
[Site "Crete GRE"]
[Date "2007.11.05"]
[Round "8.8"]
[White "Stanojoski, Zvonko"]
[Black "Papaioannou, Ioannis"]
[Result "1-0"]
[WhiteElo "2467"]
[BlackElo "2573"]
[PlyCount "69"]
[EventDate "2007.10.28"]
[EventType "team"]
[EventRounds "9"]
[EventCountry "GRE"]
[Source "lmi"]
[SourceDate "2007.10.28"]
[WhiteTeam "Former Yugoslav Republic of Macedonia"]
[BlackTeam "Greece"]
[WhiteTeamCountry "FRM"]
[BlackTeamCountry "GRE"]

1. e4 c5 2. Nf3 e6 3. d4 cxd4 4. Nxd4 a6 5. Bd3 Ne7 6. O-O Nbc6 7. Nxc6 Nxc6 8.
f4 Be7 9. Kh1 d6 10. Nc3 Bf6 11. e5 dxe5 12. Ne4 h5 13. Nxf6+ gxf6 14. Qe1 Bd7
15. Be3 exf4 16. Bxf4 Qe7 17. Bg3 Nb4 18. Be4 Bb5 19. Rf4 e5 20. Rf3 O-O-O 21.
Bh4 Rd6 22. c4 Bc6 23. c5 Rd4 24. Bxc6 Nc2 25. Bxf6 Nxe1 26. Bxe7 Nxf3 27. Bxf3
Rh6 28. Bg5 Rg6 29. Be3 Rd3 30. Re1 f5 31. Bxh5 Rc6 32. Be8 Rf6 33. Bg5 Rf8 34.
Bg6 Kd7 35. g4 1-0

[Event "European Team-ch 2007"]
[Site "Crete GRE"]
[Date "2007.11.05"]
[Round "8.9"]
[White "Sokolov, Ivan"]
[Black "Cicak, Slavko"]
[Result "1/2-1/2"]
[WhiteElo "2673"]
[BlackElo "2569"]
[PlyCount "89"]
[EventDate "2007.10.28"]
[EventType "team"]
[EventRounds "9"]
[EventCountry "GRE"]
[Source "lmi"]
[SourceDate "2007.10.28"]
[WhiteTeam "Netherlands"]
[BlackTeam "Sweden"]
[WhiteTeamCountry "NED"]
[BlackTeamCountry "SWE"]

1. d4 g6 2. c4 Bg7 3. Nc3 Nc6 4. Nf3 d6 5. d5 Ne5 6. Nxe5 Bxe5 7. e4 Bg7 8. Be2
e6 9. h4 h6 10. Be3 Ne7 11. Qd2 exd5 12. cxd5 f5 13. O-O-O a6 14. Bd3 fxe4 15.
Bxe4 Bf5 16. f3 Qd7 17. Bd4 Be5 18. Bxe5 dxe5 19. Qe3 Qd6 20. g4 Bxe4 21. Nxe4
Qb6 22. Qxb6 cxb6 23. Rhe1 O-O 24. Re3 Rad8 25. Nc3 Rd7 26. Rdd3 Rfd8 27. Rxe5
Kf7 28. f4 b5 29. a3 Nc6 30. h5 Nxe5 31. fxe5 Re7 32. Re3 gxh5 33. gxh5 Rc7 34.
Rf3+ Ke8 35. Kd2 Rxc3 36. Kxc3 Rxd5 37. Rf6 Rxe5 38. Rxh6 a5 39. Kd4 Re2 40. b3
Rb2 41. Re6+ Kf7 42. Re3 Ra2 43. b4 b6 44. Kd5 Rb2 45. Kc6 1/2-1/2

[Event "European Team-ch 2007"]
[Site "Crete GRE"]
[Date "2007.11.05"]
[Round "8.9"]
[White "Hillarp Persson, Tiger"]
[Black "Stellwagen, Daniel"]
[Result "1/2-1/2"]
[WhiteElo "2567"]
[BlackElo "2639"]
[PlyCount "78"]
[EventDate "2007.10.28"]
[EventType "team"]
[EventRounds "9"]
[EventCountry "GRE"]
[Source "lmi"]
[SourceDate "2007.10.28"]
[WhiteTeam "Sweden"]
[BlackTeam "Netherlands"]
[WhiteTeamCountry "SWE"]
[BlackTeamCountry "NED"]

1. d4 d5 2. c4 c6 3. Nf3 Nf6 4. e3 Bg4 5. Nc3 e6 6. h3 Bxf3 7. Qxf3 Nbd7 8. Bd3
Bd6 9. Bd2 O-O 10. cxd5 exd5 11. g4 Bb4 12. g5 Bxc3 13. Bxc3 Ne4 14. Bxe4 dxe4
15. Qxe4 Qxg5 16. h4 Qd8 17. Rg1 g6 18. h5 Nf6 19. Qf5 Nd5 20. Bd2 Qh4 21.
O-O-O Rae8 22. Rde1 Qe4 23. Qxe4 Rxe4 24. f3 Rh4 25. Rh1 Rxh5 26. Rxh5 gxh5 27.
e4 Ne7 28. Bb4 Re8 29. Bxe7 Rxe7 30. Rg1+ Kf8 31. Kd2 Re6 32. Rh1 Rg6 33. Rxh5
Rg2+ 34. Kc3 Rg3 35. Rxh7 Rxf3+ 36. Kc4 Rf2 37. Kc3 Rf3+ 38. Kc4 Rf2 39. Kc3
Rf3+ 1/2-1/2

[Event "European Team-ch 2007"]
[Site "Crete GRE"]
[Date "2007.11.05"]
[Round "8.9"]
[White "Van Den Doel, Erik"]
[Black "Carlsson, Pontus"]
[Result "1/2-1/2"]
[WhiteElo "2593"]
[BlackElo "2481"]
[PlyCount "113"]
[EventDate "2007.10.28"]
[EventType "team"]
[EventRounds "9"]
[EventCountry "GRE"]
[Source "lmi"]
[SourceDate "2007.10.28"]
[WhiteTeam "Netherlands"]
[BlackTeam "Sweden"]
[WhiteTeamCountry "NED"]
[BlackTeamCountry "SWE"]

1. e4 c5 2. Nf3 d6 3. c3 Nf6 4. h3 g6 5. Bd3 Bg7 6. Bc2 e5 7. O-O O-O 8. d3 Nc6
9. Re1 h6 10. Be3 b6 11. d4 cxd4 12. cxd4 Nb4 13. Nc3 Nxc2 14. Qxc2 Qe7 15. a4
Bd7 16. Qb3 Rab8 17. Qa3 Rfe8 18. Nd2 a6 19. Rac1 b5 20. axb5 axb5 21. Qb4 Bc6
22. d5 Bd7 23. Ne2 Rec8 24. Rxc8+ Rxc8 25. Rc1 Rxc1+ 26. Nxc1 Ne8 27. Ncb3 Qd8
28. Na5 Qc7 29. Qc3 Qxc3 30. bxc3 f5 31. f3 h5 32. Kf1 Bf6 33. Ke2 Bd8 34. Nb7
Bc7 35. Bg5 Kf7 36. Nd8+ Bxd8 37. Bxd8 Bc8 38. Kd3 Nf6 39. Kc2 Nd7 40. Bg5 Nc5
41. Be3 Na6 42. h4 Bd7 43. Nb3 fxe4 44. fxe4 Bg4 45. Kd2 Bc8 46. Na5 Ke8 47. c4
bxc4 48. Nxc4 Kd7 49. Kc3 Nb8 50. Kb4 Ba6 51. Ba7 Bxc4 52. Kxc4 Na6 53. Bb6 Kc8
54. Be3 Nb8 55. Bg5 Nd7 56. Be7 Kc7 57. Kd3 1/2-1/2

[Event "European Team-ch 2007"]
[Site "Crete GRE"]
[Date "2007.11.05"]
[Round "8.10"]
[White "Nielsen, Peter Heine"]
[Black "Stefansson, Hannes"]
[Result "1-0"]
[WhiteElo "2626"]
[BlackElo "2574"]
[PlyCount "47"]
[EventDate "2007.10.28"]
[EventType "team"]
[EventRounds "9"]
[EventCountry "GRE"]
[Source "lmi"]
[SourceDate "2007.10.28"]
[WhiteTeam "Denmark"]
[BlackTeam "Iceland"]
[WhiteTeamCountry "DEN"]
[BlackTeamCountry "ISL"]

1. d4 Nf6 2. c4 e6 3. g3 c5 4. Nf3 cxd4 5. Nxd4 d5 6. Bg2 e5 7. Nf3 d4 8. O-O
Nc6 9. e3 Be7 10. exd4 exd4 11. Bf4 O-O 12. Ne5 Qb6 13. Re1 Be6 14. Qb3 Rac8
15. Nd2 Nh5 16. Nd3 Nb4 17. Be5 Rfd8 18. Bf3 Nf6 19. Bxf6 gxf6 20. Nf4 d3 21.
Nxe6 fxe6 22. c5 Qxc5 23. Qxe6+ Kf8 24. Bh5 1-0

[Event "European Team-ch 2007"]
[Site "Crete GRE"]
[Date "2007.11.05"]
[Round "8.10"]
[White "Steingrimsson, Hedinn"]
[Black "Hansen, Sune Berg"]
[Result "1/2-1/2"]
[WhiteElo "2533"]
[BlackElo "2564"]
[PlyCount "76"]
[EventDate "2007.10.28"]
[EventType "team"]
[EventRounds "9"]
[EventCountry "GRE"]
[Source "lmi"]
[SourceDate "2007.10.28"]
[WhiteTeam "Iceland"]
[BlackTeam "Denmark"]
[WhiteTeamCountry "ISL"]
[BlackTeamCountry "DEN"]

1. d4 d5 2. c4 c6 3. Nc3 Nf6 4. Nf3 e6 5. Bg5 h6 6. Bxf6 Qxf6 7. e3 Nd7 8. Bd3
dxc4 9. Bxc4 g6 10. O-O Bg7 11. Rc1 O-O 12. Bb3 Qe7 13. Ne4 Rd8 14. Qc2 e5 15.
Ng3 Nf8 16. Nxe5 Bxe5 17. dxe5 Qxe5 18. Rce1 Be6 19. f4 Bxb3 20. axb3 Qb5 21.
f5 Qd3 22. Qc5 g5 23. Nh5 Nh7 24. Qe5 f6 25. Nxf6+ Nxf6 26. Qe6+ Kg7 27. Qe7+
Kg8 28. Qe6+ Kg7 29. Qe7+ Kg8 30. Qxf6 Rd6 31. Qe7 Rf8 32. Qxb7 Qe4 33. Rf3 Rd2
34. Ref1 Qc2 35. Rg3 Rd1 36. Rgf3 Rd2 37. Rg3 Rd1 38. Rgf3 Rd2 1/2-1/2

[Event "European Team-ch 2007"]
[Site "Crete GRE"]
[Date "2007.11.05"]
[Round "8.10"]
[White "Schandorff, Lars"]
[Black "Danielsen, Henrik"]
[Result "1/2-1/2"]
[WhiteElo "2520"]
[BlackElo "2491"]
[PlyCount "20"]
[EventDate "2007.10.28"]
[EventType "team"]
[EventRounds "9"]
[EventCountry "GRE"]
[Source "lmi"]
[SourceDate "2007.10.28"]
[WhiteTeam "Denmark"]
[BlackTeam "Iceland"]
[WhiteTeamCountry "DEN"]
[BlackTeamCountry "ISL"]

1. Nf3 Nf6 2. c4 g6 3. Nc3 Bg7 4. e4 d6 5. d4 O-O 6. Be2 e5 7. O-O Nc6 8. dxe5
dxe5 9. Bg5 Qxd1 10. Rfxd1 Bg4 1/2-1/2

[Event "European Team-ch 2007"]
[Site "Crete GRE"]
[Date "2007.11.05"]
[Round "8.10"]
[White "Thorhallsson, Throstur"]
[Black "Rasmussen, Karsten"]
[Result "1/2-1/2"]
[WhiteElo "2448"]
[BlackElo "2495"]
[PlyCount "83"]
[EventDate "2007.10.28"]
[EventType "team"]
[EventRounds "9"]
[EventCountry "GRE"]
[Source "lmi"]
[SourceDate "2007.10.28"]
[WhiteTeam "Iceland"]
[BlackTeam "Denmark"]
[WhiteTeamCountry "ISL"]
[BlackTeamCountry "DEN"]

1. e4 c6 2. d4 d5 3. exd5 cxd5 4. c4 Nf6 5. Nc3 e6 6. Nf3 Bb4 7. cxd5 Nxd5 8.
Qc2 Nc6 9. Bd3 Ba5 10. a3 h6 11. O-O O-O 12. Rd1 Nce7 13. Ne4 Bc7 14. Ng3 Nf6
15. Ne5 Bd7 16. Ne4 Ned5 17. Nxd7 Qxd7 18. Nc5 Qc6 19. Qe2 Rac8 20. Bd2 Bf4 21.
Be1 Bd6 22. Ne4 Nf4 23. Nxf6+ gxf6 24. Qg4+ Kh8 25. d5 Qxd5 26. Bf1 Qe5 27. Qh4
Kg7 28. Bc3 Rxc3 29. bxc3 Bc5 30. Qg4+ Ng6 31. Qg3 a5 32. a4 b6 33. Qxe5 Nxe5
34. Be2 Rc8 35. Rab1 f5 36. g3 Kf6 37. Kg2 Ke7 38. h3 Rg8 39. f4 Nd7 40. Bf3
Rc8 41. Rd3 Ba3 42. Rbd1 1/2-1/2

[Event "European Team-ch 2007"]
[Site "Crete GRE"]
[Date "2007.11.05"]
[Round "8.11"]
[White "Pelletier, Yannick"]
[Black "Sulskis, Sarunas"]
[Result "0-1"]
[WhiteElo "2609"]
[BlackElo "2527"]
[PlyCount "114"]
[EventDate "2007.10.28"]
[EventType "team"]
[EventRounds "9"]
[EventCountry "GRE"]
[Source "lmi"]
[SourceDate "2007.10.28"]
[WhiteTeam "Switzerland"]
[BlackTeam "Lithuania"]
[WhiteTeamCountry "SUI"]
[BlackTeamCountry "LTU"]

1. d4 Nf6 2. c4 e6 3. Nf3 b6 4. g3 Ba6 5. b3 Bb4+ 6. Bd2 Be7 7. Bg2 c6 8. Bc3
d5 9. Ne5 Nfd7 10. Nxd7 Nxd7 11. Nd2 O-O 12. O-O Rc8 13. e4 c5 14. exd5 exd5
15. dxc5 dxc4 16. c6 cxb3 17. Re1 b2 18. Bxb2 Nc5 19. Nc4 Bxc4 20. Qg4 Bg5 21.
Qxc4 Nd3 22. Be5 Nxe1 23. Rxe1 Bf6 24. Bxf6 Qxf6 25. c7 Qd6 26. Rc1 b5 27. Qc2
a5 28. Bb7 g6 29. h4 h5 30. Qc5 Qxc5 31. Rxc5 b4 32. Kf1 Rfe8 33. Bxc8 Rxc8 34.
Ke2 Kf8 35. Kd3 a4 36. Rc4 b3 37. a3 Ke7 38. Kc3 f6 39. Rxa4 Rxc7+ 40. Kxb3 Rc1
41. Rc4 Rb1+ 42. Ka2 Re1 43. a4 Re2+ 44. Kb3 Rxf2 45. a5 Rf3+ 46. Kb4 Rxg3 47.
a6 Rd3 48. Rc5 Rd8 49. Kb5 Kd6 50. Rc1 Rb8+ 51. Ka4 g5 52. hxg5 fxg5 53. Rg1 g4
54. Rh1 Rh8 55. a7 Ra8 56. Rxh5 Rxa7+ 57. Kb4 Rg7 0-1

[Event "European Team-ch 2007"]
[Site "Crete GRE"]
[Date "2007.11.05"]
[Round "8.11"]
[White "Rozentalis, Eduardas"]
[Black "Jenni, Florian"]
[Result "1/2-1/2"]
[WhiteElo "2581"]
[BlackElo "2511"]
[PlyCount "95"]
[EventDate "2007.10.28"]
[EventType "team"]
[EventRounds "9"]
[EventCountry "GRE"]
[Source "lmi"]
[SourceDate "2007.10.28"]
[WhiteTeam "Lithuania"]
[BlackTeam "Switzerland"]
[WhiteTeamCountry "LTU"]
[BlackTeamCountry "SUI"]

1. e4 e5 2. Nf3 Nc6 3. Bb5 a6 4. Bxc6 dxc6 5. Nc3 f6 6. d4 exd4 7. Nxd4 c5 8.
Nde2 Qxd1+ 9. Nxd1 Bd7 10. Bf4 O-O-O 11. Ne3 Ne7 12. O-O-O Re8 13. Nc3 Ng6 14.
Bg3 Bc6 15. Rhe1 Ne5 16. Ncd5 b6 17. b3 Kb7 18. f4 Nf7 19. Nc4 Be7 20. e5 fxe5
21. fxe5 Nd8 22. Nxe7 Rxe7 23. Bh4 Ree8 24. Bxd8 Rxd8 25. Rxd8 Rxd8 26. g3 Re8
27. Kd2 Bd5 28. Nb2 Rf8 29. Nd3 g5 30. e6 Re8 31. e7 c4 32. Nf2 cxb3 33. cxb3
Bf3 34. Re3 g4 35. Ne4 Bxe4 36. Rxe4 Kc6 37. Ke3 Kd6 38. Kf4 Rxe7 39. Rxe7 Kxe7
40. Kxg4 Ke6 41. Kf4 Kd5 42. g4 c5 43. g5 b5 44. h4 c4 45. bxc4+ bxc4 46. h5 c3
47. Ke3 Ke5 48. Kd3 1/2-1/2

[Event "European Team-ch 2007"]
[Site "Crete GRE"]
[Date "2007.11.05"]
[Round "8.11"]
[White "Gallagher, Joseph G"]
[Black "Kveinys, Aloyzas"]
[Result "1/2-1/2"]
[WhiteElo "2497"]
[BlackElo "2517"]
[PlyCount "43"]
[EventDate "2007.10.28"]
[EventType "team"]
[EventRounds "9"]
[EventCountry "GRE"]
[Source "lmi"]
[SourceDate "2007.10.28"]
[WhiteTeam "Switzerland"]
[BlackTeam "Lithuania"]
[WhiteTeamCountry "SUI"]
[BlackTeamCountry "LTU"]

1. e4 c5 2. Nf3 e6 3. d4 cxd4 4. Nxd4 a6 5. Bd3 Bc5 6. Nb3 Ba7 7. Qe2 d6 8. Be3
Ne7 9. c4 Bxe3 10. Qxe3 e5 11. Nc3 Be6 12. O-O Nd7 13. Rac1 Qb6 14. Qxb6 Nxb6
15. Na5 O-O-O 16. f4 exf4 17. Nd5 Bxd5 18. exd5 g5 19. g3 Ng6 20. Bxg6 hxg6 21.
gxf4 f5 22. fxg5 1/2-1/2

[Event "European Team-ch 2007"]
[Site "Crete GRE"]
[Date "2007.11.05"]
[Round "8.11"]
[White "Zagorskis, Darius"]
[Black "Ekstroem, Roland"]
[Result "1-0"]
[WhiteElo "2472"]
[BlackElo "2478"]
[PlyCount "74"]
[EventDate "2007.10.28"]
[EventType "team"]
[EventRounds "9"]
[EventCountry "GRE"]
[Source "lmi"]
[SourceDate "2007.10.28"]
[WhiteTeam "Lithuania"]
[BlackTeam "Switzerland"]
[WhiteTeamCountry "LTU"]
[BlackTeamCountry "SUI"]

1. Nf3 d5 2. c4 dxc4 3. e3 Nf6 4. Bxc4 e6 5. d4 c5 6. O-O Nc6 7. a3 a6 8. Nc3
b5 9. Ba2 Bb7 10. Qe2 Be7 11. Rd1 Qc7 12. dxc5 Bxc5 13. Bd2 O-O 14. Rac1 Ba7
15. Bb1 Rfd8 16. Ne4 Qe7 17. Nxf6+ Qxf6 18. Bc3 Qe7 19. Qc2 g6 20. b4 Rxd1+ 21.
Rxd1 Rd8 22. h4 Bb8 23. h5 Rxd1+ 24. Qxd1 Qd6 25. Qc2 Qd5 26. hxg6 hxg6 27. Ba2
Qd8 28. Bxe6 Ne7 29. Bb3 Bd5 30. Qd3 Bc7 31. Qd4 Kf8 32. Qh8+ Ng8 33. Qg7+ Ke7
34. Bxd5 Qxd5 35. Qxg8 Qd1+ 36. Be1 Qc1 37. Qa8 Qxa3 1-0

[Event "European Team-ch 2007"]
[Site "Crete GRE"]
[Date "2007.11.05"]
[Round "8.12"]
[White "Drasko, Milan"]
[Black "Lie, Kjetil A"]
[Result "1/2-1/2"]
[WhiteElo "2557"]
[BlackElo "2563"]
[PlyCount "65"]
[EventDate "2007.10.28"]
[EventType "team"]
[EventRounds "9"]
[EventCountry "GRE"]
[Source "lmi"]
[SourceDate "2007.10.28"]
[WhiteTeam "MNE"]
[BlackTeam "Norway"]
[BlackTeamCountry "NOR"]

1. d4 Nf6 2. c4 c5 3. d5 e6 4. Nc3 exd5 5. cxd5 d6 6. Nf3 g6 7. g3 Bg7 8. Bg2
O-O 9. O-O a6 10. a4 Nbd7 11. Bf4 Qc7 12. Rc1 Re8 13. Re1 Nh5 14. Bd2 Rb8 15.
e4 b5 16. axb5 axb5 17. b4 Qa7 18. Bf1 Ba6 19. Qb3 Qb6 20. Ra1 Nhf6 21. Ra2 Ng4
22. Nd1 c4 23. Qc2 Bc8 24. Bc3 Nde5 25. Nxe5 Nxe5 26. Kg2 f5 27. f4 Nd3 28.
Bxd3 cxd3 29. Qxd3 fxe4 30. Qe3 Qc7 31. Bxg7 Qxg7 32. Nf2 Bb7 33. Rd2 1/2-1/2

[Event "European Team-ch 2007"]
[Site "Crete GRE"]
[Date "2007.11.05"]
[Round "8.12"]
[White "Lie, Espen"]
[Black "Blagojevic, Dragisa"]
[Result "1/2-1/2"]
[WhiteElo "2421"]
[BlackElo "2513"]
[PlyCount "120"]
[EventDate "2007.10.28"]
[EventType "team"]
[EventRounds "9"]
[EventCountry "GRE"]
[Source "lmi"]
[SourceDate "2007.10.28"]
[WhiteTeam "Norway"]
[BlackTeam "MNE"]
[WhiteTeamCountry "NOR"]

1. e4 e5 2. Nf3 Nc6 3. Bb5 a6 4. Ba4 Nf6 5. d3 d6 6. c3 g6 7. d4 Bd7 8. O-O Bg7
9. Re1 b5 10. Bc2 O-O 11. a4 Re8 12. dxe5 Nxe5 13. Nxe5 Rxe5 14. Bf4 Re8 15.
Nd2 Qc8 16. axb5 axb5 17. Rxa8 Qxa8 18. Bd3 Bc6 19. f3 d5 20. exd5 Qa7+ 21. Kh1
Nxd5 22. Rxe8+ Bxe8 23. Bg3 b4 24. Qe1 Qe3 25. Qxe3 Nxe3 26. cxb4 c6 27. b3 Nd5
28. Bd6 Bf8 29. Bxf8 Kxf8 30. Bc4 Nxb4 31. Kg1 Ke7 32. Kf2 f5 33. f4 Bf7 34.
Bxf7 Kxf7 35. Nf3 Kf6 36. g3 h6 37. Ke3 g5 38. fxg5+ hxg5 39. Kd4 g4 40. Ne1 f4
41. gxf4 Kf5 42. Kc5 Na6+ 43. Kxc6 Kxf4 44. Nd3+ Ke3 45. Ne5 Kf4 46. Ng6+ Kg5
47. Kb5 Nc7+ 48. Kc6 Ne6 49. Kd5 Nc7+ 50. Kd6 Ne8+ 51. Ke7 Nc7 52. Ne5 Nd5+ 53.
Kd6 Nb4 54. Nc6 Nd3 55. Kd5 Nc1 56. b4 Na2 57. Ke5 Nxb4 58. Nxb4 g3 59. hxg3
Kg4 60. Ke4 Kxg3 1/2-1/2

[Event "European Team-ch 2007"]
[Site "Crete GRE"]
[Date "2007.11.05"]
[Round "8.12"]
[White "Kosic, Dragan"]
[Black "Hammer, Jon Ludvig"]
[Result "1-0"]
[WhiteElo "2482"]
[BlackElo "2402"]
[PlyCount "119"]
[EventDate "2007.10.28"]
[EventType "team"]
[EventRounds "9"]
[EventCountry "GRE"]
[Source "lmi"]
[SourceDate "2007.10.28"]
[WhiteTeam "MNE"]
[BlackTeam "Norway"]
[BlackTeamCountry "NOR"]

1. d4 Nf6 2. Nf3 e6 3. e3 d5 4. Bd3 c5 5. b3 Be7 6. O-O O-O 7. Bb2 b6 8. c4 Bb7
9. Nc3 Nbd7 10. Rc1 cxd4 11. exd4 Ne4 12. Ne2 Bd6 13. Ng3 Qe7 14. Rc2 f5 15.
Qe2 Rae8 16. Rfc1 Bf4 17. Re1 Bd6 18. cxd5 exd5 19. Bb5 f4 20. Nf1 Qd8 21. Qd3
Re6 22. Bc6 Bxc6 23. Rxc6 Qe8 24. Qb5 Ndf6 25. a4 Qh5 26. Ba3 Rfe8 27. Bb2 h6
28. Ne5 f3 29. Nxf3 Nd2 30. Ne5 Nxf1 31. Rxf1 a6 32. Qxb6 Nd7 33. Qb7 Nxe5 34.
dxe5 Rg6 35. g3 Bxe5 36. Rxg6 Qxg6 37. Qxd5+ Qf7 38. Qxf7+ Kxf7 39. Bxe5 Rxe5
40. b4 Ke6 41. Rb1 Kd6 42. b5 axb5 43. axb5 Kc7 44. b6+ Kb7 45. Kg2 g6 46. Rb2
Re4 47. Kf3 Rc4 48. h3 Rd4 49. Ke3 Rc4 50. Kd3 Rc5 51. Kd4 Rh5 52. h4 Rf5 53.
Ke4 Rc5 54. Rb4 Rc2 55. f3 Re2+ 56. Kf4 Re6 57. Rb3 Rf6+ 58. Ke5 Rc6 59. g4 Kb8
60. f4 1-0

[Event "European Team-ch 2007"]
[Site "Crete GRE"]
[Date "2007.11.05"]
[Round "8.13"]
[White "Ivanisevic, Ivan"]
[Black "Kulaots, Kaido"]
[Result "1-0"]
[WhiteElo "2607"]
[BlackElo "2547"]
[PlyCount "95"]
[EventDate "2007.10.28"]
[EventType "team"]
[EventRounds "9"]
[EventCountry "GRE"]
[Source "lmi"]
[SourceDate "2007.10.28"]
[WhiteTeam "SRB"]
[BlackTeam "Estonia"]
[BlackTeamCountry "EST"]

1. d4 d5 2. c4 c6 3. Nf3 Nf6 4. Nc3 dxc4 5. a4 Bf5 6. Nh4 Bg4 7. h3 Bh5 8. g4
Bg6 9. Bg2 e6 10. g5 Nd5 11. e4 Nb4 12. O-O Be7 13. f4 O-O 14. Kh1 c5 15. d5
exd5 16. f5 d4 17. fxg6 hxg6 18. e5 N8c6 19. Ne4 Nxe5 20. Bf4 Nbd3 21. Bxe5
Nxe5 22. Qd2 Re8 23. Qf4 Bd6 24. Rae1 Re7 25. Nxd6 Qxd6 26. Nf3 f6 27. Nxe5
fxe5 28. Qe4 Rd8 29. Rf2 Qe6 30. Rc2 Qf5 31. Rxc4 b6 32. Qh4 Qe6 33. b3 Rf8 34.
Qg3 Qd6 35. Rc2 Rf4 36. Kh2 Kh7 37. Rce2 Rf5 38. Be4 Rf4 39. Rf2 Ref7 40. Ref1
a6 41. Rxf4 exf4 42. Qf3 Kh8 43. Bd3 b5 44. axb5 axb5 45. Bxb5 Qe5 46. Bc4 Rf8
47. Qg4 f3+ 48. Kh1 1-0

[Event "European Team-ch 2007"]
[Site "Crete GRE"]
[Date "2007.11.05"]
[Round "8.13"]
[White "Sepp, Olav"]
[Black "Miladinovic, Igor"]
[Result "0-1"]
[WhiteElo "2457"]
[BlackElo "2603"]
[PlyCount "108"]
[EventDate "2007.10.28"]
[EventType "team"]
[EventRounds "9"]
[EventCountry "GRE"]
[Source "lmi"]
[SourceDate "2007.10.28"]
[WhiteTeam "Estonia"]
[BlackTeam "SRB"]
[WhiteTeamCountry "EST"]

1. e4 c6 2. d4 d5 3. e5 c5 4. Nf3 Nc6 5. c4 Bg4 6. cxd5 Bxf3 7. Qxf3 Nxd4 8.
Qd1 Qxd5 9. Bb5+ Kd8 10. O-O e6 11. Nc3 Qxe5 12. Re1 Qd6 13. Be3 Nf6 14. Bf1
Rc8 15. h3 h5 16. g3 Qd7 17. Bg2 Be7 18. a3 Ke8 19. b4 cxb4 20. axb4 Bxb4 21.
Bxd4 Bxc3 22. Bxc3 Qxd1 23. Rexd1 Rxc3 24. Rxa7 Rc8 25. Rxb7 g5 26. Ra1 Kf8 27.
Raa7 Rh7 28. Kf1 Rg7 29. Ke2 Kg8 30. Ke3 Ne8 31. Rd7 h4 32. Bb7 Rb8 33. Bf3
hxg3 34. fxg3 f5 35. Bc6 Rc8 36. Rxg7+ Nxg7 37. Bb5 Kh7 38. Kd4 Kg6 39. g4 Kf6
40. Bc4 Rh8 41. Ra3 Rh4 42. Rf3 Rh8 43. Ra3 Rd8+ 44. Ke3 f4+ 45. Kf3 Rd4 46.
Bb5 e5 47. Bd3 Ne6 48. Bf5 Nc5 49. Rc3 e4+ 50. Ke2 Rd5 51. Ra3 e3 52. Ra2 Ke5
53. Rb2 Ne4 54. Kf3 Ng3 0-1